Firework by Katy Perry - lyrics - Statistics

General Stats
  • This quiz has been taken 24 times
  • The average score is 244 of 357
Answer Stats
Lyrics % Correct
a
100%
firework
100%
bag
96%
like
96%
plastic
96%
the
96%
through
96%
to
96%
when
96%
wind
96%
you
96%
you?
96%
and
91%
baby
91%
do
91%
ever
91%
feel
91%
go
91%
let
91%
your
91%
you're
91%
'cause
87%
come
87%
it
87%
on
87%
again?
83%
drifting
83%
light
83%
night
83%
of
83%
so
83%
start
83%
in?
78%
in
78%
July
78%
shine
78%
be
74%
for
74%
just
74%
hear
70%
worth
70%
as
65%
burst
65%
ignite
65%
make
65%
one
65%
show
65%
sky
65%
that
65%
wanting
65%
color
61%
'em
61%
even
61%
gotta
61%
own
61%
shoot
61%
there's
61%
what
61%
4th
57%
boom
57%
brighter
57%
from
57%
house
57%
no
57%
six
57%
ah
52%
all
52%
blow
52%
cards
52%
caving
52%
deep?
52%
feet
52%
know
52%
leave
52%
moon
52%
seems
52%
than
52%
under
52%
across
48%
but
48%
chance
48%
gonna
48%
spark
48%
thing
48%
already
43%
buried
43%
cannot
43%
if
43%
original
43%
replaced
43%
have
39%
it's
39%
always
35%
been
35%
colors
35%
don't
35%
are
30%
future
30%
holds
30%
knew
30%
perfect
30%
rainbow
30%
space
30%
time
30%
why
30%
after
26%
closed
26%
could
26%
doors
26%
heart
26%
hurricane
26%
inside
26%
now
26%
only
26%
screams
26%
awe
22%
comes
22%
leads
22%
maybe
22%
open
22%
reason
22%
road
22%
will
22%
you'll
22%
bolt
17%
wasted
13%
lighting
9%
ough
9%
grow
4%
paiper-thin
0%
No matching quizzes found
Score Distribution
Percent of People with Each Score
Percentile by Number Answered
Your Score History
You have not taken this quiz